Guess the Song by the Lyrics - Statistics

General Stats
  • This quiz has been taken 377 times
  • The average score is 7 of 15
Answer Stats
Lyric Answer % Correct
"I bless the rains down in Africa" Africa
76%
"It's not about about the money, money, money" Price Tag
71%
"Never gonna let you down, never gonna run around" Never Gonna Give You Up
69%
"Ricochet, you take your aim, fire away, fire away" Titanium
67%
"Push and pull like a magnet do" Shape of You
64%
"This one for them hood girls, them good girls" Uptown Funk
57%
"With the taste of your lips I'm on a ride" Toxic
55%
"I'd like to make myself believe" Fireflies
43%
"This is how we do it down in Puerto Rico" Despacito
41%
"I loved him when I left him" Havana
40%
"Take you hand off my hips, before I punch you in the lips" Take A Hint
34%
"Don't go look at me with that look in your eyes" Friends
21%
"Turn up the radio, blast your stereo" Pump It
15%
"Gravity can't forget. So pull me back to the ground" Halo
14%
"Here's a little lesson in trickery, this is going down in history" We Are Number One
11%
No matching quizzes found
Score Distribution
Percent of People with Each Score
Percentile by Number Answered
Your Score History
You have not taken this quiz